[Event "GER-chT Federal Cup (Women)"]
[Site "Braunfels"]
[Date "2024.05.30"]
[Round "1.5"]
[White "Vidonyak, Nellya"]
[Black "Aden, Dagmar"]
[Result "1-0"]
[WhiteElo "2098"]
[BlackElo "1875"]
[PlyCount "93"]
[EventDate "2024.05.30"]
[EventType "team-swiss"]
[EventRounds "5"]
[EventCountry "GER"]
[SourceTitle "CB24_2024"]
[SourceDate "2024.06.12"]
[SourceVersion "1"]
[SourceVersionDate "2024.06.12"]
[SourceQuality "1"]
[WhiteTeam "Bayern (W)"]
[BlackTeam "Niedersachsen (W)"]
[WhiteTeamCountry "GER"]
[BlackTeamCountry "GER"]

1. d4 d5 2. c4 e6 3. Nc3 Nf6 4. Nf3 Nbd7 5. cxd5 exd5 6. Bg5 c6 7. e3 Be7 8. Bd3 h6 9. Bf4 0-0 10. h3 Re8 11. 0-0 Nf8 12. Rc1 Bd6 13. Be5 Bxe5 14. Nxe5 N6d7 15. Nf3 Nf6 16. b4 a6 17. a4 Qe7 18. b5 axb5 19. axb5 Bd7 20. Ne5 c5 21. Nxd7 N8xd7 22. dxc5 Nxc5 23. Bb1 Red8 24. Ne2 Ne6 25. Qb3 Ra3 26. Qb2 Rda8 27. Rfd1 R3a4 28. Qe5 Qb4 29. Nc3 R4a5 30. Nxd5 Nxd5 31. Rxd5 Ra3 32. Bf5 Nf8 33. Rcd1 Ra2 34. Rb1 Qc4 35. Bd3 Qh4 36. g3 Qa4 37. Rd4 Qa5 38. Bc4 Ra1 39. Rdd1 Rxb1 40. Rxb1 Rd8 41. Qe7 Qd2 42. Qxf7+ Kh7 43. Bb3 Qd7 44. Qg8+ Kg6 45. Rd1 Qe7 46. Qf7+ Qxf7 47. Bxf7+ 1-0

[Event "BL 2223 (Women)"]
[Site "Germany"]
[Date "2023.02.18"]
[Round "5.5"]
[White "Vidonyak, Nellya"]
[Black "Troyke, Doreen"]
[Result "1-0"]
[WhiteElo "2102"]
[BlackElo "2001"]
[PlyCount "89"]
[EventDate "2022.10.15"]
[EventType "team-tourn"]
[EventRounds "11"]
[EventCountry "GER"]
[SourceTitle "CBM 213 Extra"]
[Source "ChessBase"]
[SourceDate "2023.05.31"]
[SourceVersion "1"]
[SourceVersionDate "2023.05.31"]
[SourceQuality "1"]
[WhiteTeam "Bayern Muenchen (W)"]
[BlackTeam "Erfurt Medizin (W)"]
[WhiteTeamCountry "GER"]
[BlackTeamCountry "GER"]

1. d4 d5 2. c4 e6 3. Nc3 Nf6 4. Nf3 Be7 5. e3 0-0 6. b3 c6 7. Bd3 Nbd7 8. 0-0 b6 9. Qc2 Bb7 10. Bb2 h6 11. a4 c5 12. cxd5 Nxd5 13. Nxd5 Bxd5 14. e4 Bb7 15. Rfd1 cxd4 16. Nxd4 Nc5 17. Qe2 Qc7 18. Rac1 a5 19. Nb5 Qf4 20. Rc4 e5 21. Nc7 Rad8 22. Nd5 Bxd5 23. exd5 e4 24. Bxe4 Qd6 25. Bc2 Bf6 26. Ba3 Rfe8 27. Re4 Rxe4 28. Bxe4 Qe5 29. Bxc5 bxc5 30. Qc4 Qb2 31. Qxc5 Qxb3 32. Bc2 Qb2 33. d6 g6 34. d7 Kg7 35. g3 h5 36. Qc4 Bc3 37. Bb3 Bd2 38. Qxf7+ Kh6 39. h4 Bb4 40. Qd5 Qf6 41. Bc2 Qe7 42. Qc6 Qf7 43. Rd5 Be7 44. Rf5 Qg7 45. Rxa5 1-0

[Event "GER-ch (Women)"]
[Site "Magdeburg"]
[Date "2021.07.29"]
[Round "6"]
[White "Vidonyak, Nellya"]
[Black "Koepke, Elena"]
[Result "0-1"]
[WhiteElo "2129"]
[BlackElo "2277"]
[PlyCount "52"]
[EventDate "2021.07.25"]
[EventType "swiss"]
[EventRounds "9"]
[EventCountry "GER"]
[SourceTitle "CBM 203 Extra"]
[Source "ChessBase"]
[SourceDate "2021.09.30"]
[SourceVersion "1"]
[SourceVersionDate "2021.09.30"]
[SourceQuality "1"]

1. Nf3 Nf6 2. b3 e6 3. Bb2 c5 4. e3 Nc6 5. c4 d5 6. cxd5 exd5 7. Bb5 Bd7 8. 0-0 Bd6 9. d4 cxd4 10. Bxc6 bxc6 11. exd4 0-0 12. Ba3 Bxa3 13. Nxa3 Bg4 14. Nc2 Ne4 15. Re1 Ng5 16. Kh1 Qf6 17. Re3 Bxf3 18. gxf3 Rae8 19. Qe2 Re6 20. Rd1 Rfe8 21. Rdd3 Nh3 22. Rc3 h6 23. Rxe6 Rxe6 24. Re3 Qg6 25. Qf1 Qxc2 26. Qxh3 Qd1+ 0-1

[Event "GER-ch (Women)"]
[Site "Magdeburg"]
[Date "2021.07.28"]
[Round "5"]
[White "Vidonyak, Nellya"]
[Black "Halas, Julia"]
[Result "1-0"]
[WhiteElo "2129"]
[BlackElo "1996"]
[PlyCount "119"]
[EventDate "2021.07.25"]
[EventType "swiss"]
[EventRounds "9"]
[EventCountry "GER"]
[SourceTitle "CBM 203 Extra"]
[Source "ChessBase"]
[SourceDate "2021.09.30"]
[SourceVersion "1"]
[SourceVersionDate "2021.09.30"]
[SourceQuality "1"]

1. d4 Nf6 2. Nf3 g6 3. Nbd2 d5 4. b4 Bg7 5. e3 a5 6. b5 0-0 7. c4 c5 8. bxc6 Nxc6 9. Bb2 a4 10. Be2 dxc4 11. Bxc4 Qa5 12. Rc1 Ne4 13. 0-0 a3 14. Ba1 Bf5 15. Nxe4 Bxe4 16. Nd2 Bf5 17. Nb3 Qa4 18. Qe2 Qa7 19. Bc3 Bd7 20. Bb5 Rfd8 21. Rfd1 Be8 22. Rb1 b6 23. Nd2 e5 24. dxe5 Nxe5 25. Bd4 Bxb5 26. Qxb5 Nd7 27. Ne4 Qa6 28. Qxa6 Rxa6 29. Bf6 Re8 30. Rxd7 Rxe4 31. Rd8+ Bf8 32. Bc3 Raa4 33. Rxb6 Rec4 34. Rb3 Ra6 35. g3 Rd6 36. Rdb8 Rd3 37. Rxa3 Rcxc3 38. Raa8 Rc2 39. Rxf8+ Kg7 40. Rg8+ Kf6 41. Ra6+ Kg5 42. Ra4 f5 43. a3 Rc1+ 44. Kg2 Ra1 45. Rga8 Ra2 46. g4 Rxe3 47. h4+ Kxh4 48. gxf5+ Kg5 49. fxg6 hxg6 50. R8a5+ Kh6 51. Rh4+ Kg7 52. a4 Rea3 53. Rf4 Kh6 54. Rg4 Kh7 55. Ra7+ Kh6 56. Ra6 Kh5 57. Raxg6 Rxa4 58. R4g5+ Kh4 59. Rg3 Kh5 60. Rg8 1-0

[Event "BL2 Sued 1920 (Women)"]
[Site "Germany"]
[Date "2019.09.15"]
[Round "2.3"]
[White "Radeva, Viktoria"]
[Black "Vidonyak, Nellya"]
[Result "1-0"]
[WhiteElo "2257"]
[BlackElo "2133"]
[PlyCount "117"]
[EventDate "2019.09.14"]
[EventType "team-tourn"]
[EventRounds "7"]
[EventCountry "GER"]
[SourceTitle "EXT 2021"]
[Source "ChessBase"]
[SourceDate "2020.10.23"]
[SourceVersion "1"]
[SourceVersionDate "2020.10.23"]
[SourceQuality "1"]
[WhiteTeam "Kisschess (W)"]
[BlackTeam "Bayern Muenchen (W)"]
[WhiteTeamCountry "GER"]
[BlackTeamCountry "GER"]

1. e4 d6 2. d4 e5 3. dxe5 dxe5 4. Qxd8+ Kxd8 5. Nf3 f6 6. Nc3 c6 7. Be3 Be6 8. 0-0-0+ Kc7 9. a3 Nd7 10. Be2 Nb6 11. Rd2 Bd6 12. Rhd1 Rd8 13. a4 Ne7 14. a5 Nbc8 15. Na4 Bf7 16. Nc5 Bxc5 17. Bxc5 Rxd2 18. Nxd2 b6 19. axb6+ axb6 20. Be3 Nd6 21. b3 c5 22. Kb2 Ra8 23. f3 Nc6 24. c3 Be6 25. Bf2 g5 26. Ra1 Rg8 27. Nf1 Na5 28. Bxc5 Nxb3 29. Ra7+ Kc6 30. Bxd6 Kxd6 31. Ne3 Rc8 32. Rb7 Kc6 33. Rxh7 Nc5 34. c4 Na4+ 35. Kc2 Kc5 36. Re7 Kd4 37. Kd2 Rc6 38. Re8 Nb2 39. Rd8+ Kc5 40. Kc3 Na4+ 41. Kc2 Rc8 42. Rxc8+ Bxc8 43. Kb3 Bd7 44. Nd5 Kd4 45. Nxf6 Nc5+ 46. Kb4 Na6+ 47. Ka3 Be6 48. Nd5 Nc5 49. Kb4 Nd7 50. Kb5 Bxd5 51. cxd5 Ke3 52. Bc4 Kf2 53. d6 Kxg2 54. Be6 Nf6 55. Bg4 Kf2 56. h3 Ke3 57. d7 Nxd7 58. Bxd7 Kxf3 59. Bf5 1-0

[Event "BL 1617 (Women)"]
[Site "Germany"]
[Date "2017.03.04"]
[Round "5.2"]
[White "Osmanodja, Filiz"]
[Black "Vidonyak, Nellya"]
[Result "0-1"]
[WhiteElo "2299"]
[BlackElo "2123"]
[PlyCount "58"]
[EventDate "2016.10.22"]
[EventType "team-tourn"]
[EventRounds "11"]
[EventCountry "GER"]
[SourceTitle "EXT 2018"]
[Source "ChessBase"]
[SourceDate "2017.10.13"]
[SourceVersion "1"]
[SourceVersionDate "2017.10.13"]
[SourceQuality "1"]
[WhiteTeam "Bad Koenigshofen (W)"]
[BlackTeam "Bayern Muenchen (W)"]
[WhiteTeamCountry "GER"]
[BlackTeamCountry "GER"]

1. e4 d6 2. d4 Nf6 3. Nc3 Nbd7 4. Nf3 e5 5. Bc4 Be7 6. 0-0 0-0 7. Re1 c6 8. a4 Qc7 9. a5 Rb8 10. Bf1 b5 11. axb6 axb6 12. d5 b5 13. b4 cxd5 14. Nxb5 Rxb5 15. Bxb5 dxe4 16. Nd2 d5 17. Rb1 Nb6 18. Rb3 Bg4 19. Be2 Be6 20. c3 d4 21. cxd4 Bxb3 22. Nxb3 exd4 23. Qxd4 Rd8 24. Qe3 Nbd5 25. Qg5 Qc3 26. Nd2 e3 27. fxe3 Ne4 28. Bb2 Qxb2 29. Nc4 Qxb4 0-1

[Event "BL 1617 (Women)"]
[Site "Germany"]
[Date "2016.10.22"]
[Round "1.4"]
[White "Mader, Manuela"]
[Black "Vidonyak, Nellya"]
[Result "1-0"]
[WhiteElo "2170"]
[BlackElo "2123"]
[PlyCount "113"]
[EventDate "2016.10.22"]
[EventType "team-tourn"]
[EventRounds "11"]
[EventCountry "GER"]
[SourceTitle "EXT 2018"]
[Source "ChessBase"]
[SourceDate "2017.10.13"]
[SourceVersion "1"]
[SourceVersionDate "2017.10.13"]
[SourceQuality "1"]
[WhiteTeam "Karlsruhe (W)"]
[BlackTeam "Bayern Muenchen (W)"]
[WhiteTeamCountry "GER"]
[BlackTeamCountry "GER"]

1. e4 d6 2. d4 Nf6 3. Nc3 Nbd7 4. Nf3 c5 5. Be2 g6 6. 0-0 Bg7 7. e5 Nh5 8. g4 cxd4 9. Nb1 dxe5 10. gxh5 gxh5 11. Kh1 b6 12. Ng5 h6 13. Bf3 Ba6 14. Ne4 Bxf1 15. Qxf1 Rc8 16. Na3 Kf8 17. Qh3 Nc5 18. Bd2 e6 19. Rg1 f5 20. Qg2 Qe7 21. Nxc5 bxc5 22. Nc4 h4 23. b3 h3 24. Qxh3 h5 25. Rg6 e4 26. Bxh5 e3 27. fxe3 dxe3 28. Bxe3 Rd8 29. Qf3 Rd5 30. Bf4 Qd7 31. Bd6+ Rxd6 32. Nxd6 Kg8 33. Nc4 Qd5 34. Rg5 Qd8 35. Bf7+ Kxf7 36. Qb7+ Ke8 37. Qxg7 Qd5+ 38. Rg2 Qd1+ 39. Rg1 Qf3+ 40. Qg2 Qh5 41. Qg6+ Qxg6 42. Rxg6 Kd7 43. Rg7+ Kc6 44. Rxa7 Kd5 45. Rd7+ Ke4 46. Kg2 f4 47. Rd3 Rg8+ 48. Kf2 Rf8 49. a4 Kf5 50. a5 Ra8 51. Rh3 Ke4 52. Rh5 Kd4 53. h4 Ra6 54. Kf3 Kc3 55. Rxc5 Kxc2 56. b4 e5 57. b5 1-0

[Event "GER-chT Federal Cup (Women)"]
[Site "Braunfels"]
[Date "2016.05.27"]
[Round "2.1"]
[White "Mader, Manuela"]
[Black "Vidonyak, Nellya"]
[Result "1/2-1/2"]
[WhiteElo "2129"]
[BlackElo "2135"]
[PlyCount "119"]
[EventDate "2016.05.26"]
[EventType "team-swiss"]
[EventRounds "5"]
[EventCountry "GER"]
[SourceTitle "EXT 2019"]
[Source "ChessBase"]
[SourceDate "2018.10.10"]
[SourceVersion "1"]
[SourceVersionDate "2018.10.10"]
[SourceQuality "1"]
[WhiteTeam "Baden (W)"]
[BlackTeam "Bayern (W)"]
[WhiteTeamCountry "GER"]
[BlackTeamCountry "GER"]

1. e4 d6 2. d4 Nf6 3. Nc3 Nbd7 4. Nf3 e5 5. Bc4 Be7 6. 0-0 0-0 7. Re1 c6 8. a4 Qc7 9. h3 a6 10. a5 b5 11. axb6 Nxb6 12. Bf1 Bb7 13. dxe5 dxe5 14. Nh4 g6 15. Bh6 Rfd8 16. Qf3 Kh8 17. g3 c5 18. Ng2 Ng8 19. Bc1 f5 20. Qe2 Bf6 21. Be3 Ne7 22. h4 fxe4 23. Bg5 Bxg5 24. hxg5 Nf5 25. Nxe4 Nd4 26. Qe3 Nd5 27. Qa3 Nb4 28. Bd3 Nf3+ 29. Kf1 Nxe1 30. Nxe1 Rd4 31. Nf6 Qc6 32. Qc3 Nd5 33. Nxd5 Qxd5 34. Ra5 Rc8 35. f3 Qd6 36. Kf2 c4 37. Be2 Rc5 38. Ra4 Rc8 39. Ra5 Qb6 40. Kf1 Qe6 41. Qe3 Rd5 42. Ra4 Rb5 43. Qc3 Qf5 44. Rxc4 Rxc4 45. Bxc4 Rc5 46. Qb4 Rc7 47. Bd3 Qf7 48. Kg2 Qe7 49. Qb6 e4 50. Qd4+ Kg8 51. Bc4+ Rxc4 52. Qxc4+ Kf8 53. Kf2 exf3 54. Nxf3 Bxf3 55. Kxf3 Qb7+ 56. Kf4 Qxb2 57. Qc8+ Kg7 58. Qd7+ Kf8 59. Qd6+ Kf7 60. Qd7+ 1/2-1/2

[Event "GER-chT Federal Cup (Women)"]
[Site "Braunfels"]
[Date "2016.05.27"]
[Round "3.1"]
[White "Vidonyak, Nellya"]
[Black "Barpiyeva, Gulsana"]
[Result "0-1"]
[WhiteElo "2135"]
[BlackElo "1972"]
[PlyCount "92"]
[EventDate "2016.05.26"]
[EventType "team-swiss"]
[EventRounds "5"]
[EventCountry "GER"]
[SourceTitle "EXT 2019"]
[Source "ChessBase"]
[SourceDate "2018.10.10"]
[SourceVersion "1"]
[SourceVersionDate "2018.10.10"]
[SourceQuality "1"]
[WhiteTeam "Bayern (W)"]
[BlackTeam "Hessen (W)"]
[WhiteTeamCountry "GER"]
[BlackTeamCountry "GER"]

1. Nf3 c5 2. b3 d6 3. Bb2 Nc6 4. g3 e5 5. d3 Nf6 6. Bg2 Be7 7. 0-0 0-0 8. c4 h6 9. Nc3 Be6 10. h3 Qd7 11. Kh2 Rab8 12. e3 a6 13. d4 exd4 14. exd4 d5 15. cxd5 Nxd5 16. Nxd5 Bxd5 17. dxc5 Bxc5 18. Qd3 f6 19. Ng5 hxg5 20. Bxd5+ Kh8 21. Qf3 g4 22. hxg4 Ne5 23. Bxe5 fxe5 24. Kg2 g6 25. Qe4 Qd6 26. g5 Kg7 27. Rad1 Qe7 28. b4 Bxb4 29. Bb3 Rf5 30. Rd3 Rbf8 31. f3 Ba5 32. Rh1 Rxg5 33. Qh4 Bc7 34. Qh6+ Kf6 35. g4 e4 36. Re3 Qb4 37. Rxe4 Qd2+ 38. Kf1 Qd3+ 39. Kg2 Qd2+ 40. Kf1 Qd3+ 41. Re2 Re8 42. Qh8+ Rxh8 43. Rxh8 Re5 44. Rf8+ Ke7 45. Rf7+ Kd6 46. Rf6+ Kc5 0-1

[Event "GER-chT Federal Cup (Women)"]
[Site "Braunfels"]
[Date "2015.06.06"]
[Round "4.2"]
[White "Vidonyak, Nellya"]
[Black "Noll, Sonja"]
[Result "1-0"]
[WhiteElo "2132"]
[BlackElo "1714"]
[PlyCount "73"]
[EventDate "2015.06.04"]
[EventType "team-swiss"]
[EventRounds "5"]
[EventCountry "GER"]
[SourceTitle "CBM 167 Extra"]
[Source "ChessBase"]
[SourceDate "2015.09.14"]
[SourceVersion "1"]
[SourceVersionDate "2015.09.14"]
[SourceQuality "1"]
[WhiteTeam "Bayern (W)"]
[BlackTeam "Saarland (W)"]
[WhiteTeamCountry "GER"]
[BlackTeamCountry "GER"]

1. Nf3 Nf6 2. c4 g6 3. b3 Bg7 4. Bb2 0-0 5. g3 d6 6. Bg2 c6 7. 0-0 Bg4 8. h3 Bxf3 9. Bxf3 Nbd7 10. Nc3 Qc7 11. Rc1 Rad8 12. d3 e5 13. b4 Rfe8 14. Qa4 a6 15. Bg2 Nh5 16. Ba3 f5 17. b5 e4 18. bxc6 bxc6 19. dxe4 Bxc3 20. Rxc3 fxe4 21. Rd1 Nb6 22. Qb3 c5 23. Re3 Nf6 24. Bb2 Nbd7 25. Qc3 Re6 26. Bxe4 Kf8 27. Bg2 Rde8 28. Rxe6 Rxe6 29. e3 Nb6 30. Ba1 Qf7 31. Rb1 Nbd7 32. Rb7 Re7 33. Qa5 Qe8 34. Qxa6 Ne4 35. Bxe4 Rxe4 36. Qxd6+ Re7 37. Bf6 1-0

[Event "GER-chT Federal Cup (Women)"]
[Site "Braunfels"]
[Date "2015.06.04"]
[Round "1.2"]
[White "Leib, Britta"]
[Black "Vidonyak, Nellya"]
[Result "0-1"]
[WhiteElo "1787"]
[BlackElo "2132"]
[PlyCount "62"]
[EventDate "2015.06.04"]
[EventType "team-swiss"]
[EventRounds "5"]
[EventCountry "GER"]
[SourceTitle "CBM 167 Extra"]
[Source "ChessBase"]
[SourceDate "2015.09.14"]
[SourceVersion "1"]
[SourceVersionDate "2015.09.14"]
[SourceQuality "1"]
[WhiteTeam "Schleswig Holstein (W)"]
[BlackTeam "Bayern (W)"]
[WhiteTeamCountry "GER"]
[BlackTeamCountry "GER"]

1. e4 d6 2. d4 Nf6 3. Nc3 Nbd7 4. Nf3 e5 5. Bc4 Be7 6. Bg5 0-0 7. Qd2 h6 8. Be3 Ng4 9. 0-0-0 c6 10. h3 Nxe3 11. fxe3 b5 12. Bb3 a5 13. a4 b4 14. Ne2 Qc7 15. Kb1 Nb6 16. c4 bxc3 17. Nxc3 Ba6 18. Na2 Rfb8 19. Rc1 Nd7 20. Bd1 Nf6 21. Qc2 Rb6 22. Nd2 Rab8 23. b3 d5 24. exd5 Nxd5 25. Qe4 Ba3 26. Rc2 Qb7 27. Ka1 exd4 28. exd4 Rxb3 29. Nxb3 Qxb3 30. Rf2 Bb2+ 31. Kb1 Bd3+ 0-1

[Event "GER-ch (Women)"]
[Site "Bad Wiessee"]
[Date "2015.02.13"]
[Round "8"]
[White "Jussupow, Nadejda"]
[Black "Vidonyak, Nellya"]
[Result "1/2-1/2"]
[WhiteElo "2122"]
[BlackElo "2157"]
[PlyCount "95"]
[EventDate "2015.02.06"]
[EventType "swiss"]
[EventRounds "9"]
[EventCountry "GER"]
[SourceTitle "CBM 164 Extra"]
[Source "ChessBase"]
[SourceDate "2015.03.02"]
[SourceVersion "1"]
[SourceVersionDate "2015.03.02"]
[SourceQuality "1"]

1. g3 g6 2. Bg2 Bg7 3. f4 d5 4. Nf3 Nh6 5. 0-0 0-0 6. d3 d4 7. c3 c5 8. Qe1 Nc6 9. a4 Nf5 10. Na3 Na5 11. Nc2 Nb3 12. Ra3 Nxc1 13. Qxc1 Be6 14. g4 Nd6 15. cxd4 cxd4 16. Ncxd4 Bxg4 17. Ne5 Rc8 18. Qe3 a6 19. Kh1 Bd7 20. Rc1 Qb6 21. Rxc8 Rxc8 22. Rb3 Qa5 23. Bxb7 Bxa4 24. Bxc8 Bxb3 25. Nxb3 Qd5+ 26. Qf3 Qxf3+ 27. Nxf3 Nxc8 28. d4 Nb6 29. Nc5 a5 30. b3 e6 31. e4 Bf8 32. Kg2 Bd6 33. Kg3 h6 34. h4 Kf8 35. Ne5 Ke8 36. Nc6 Bxc5 37. dxc5 Nd7 38. Nxa5 Nxc5 39. Kf3 Kd7 40. Ke3 f5 41. exf5 exf5 42. Kd4 Ne6+ 43. Ke5 g5 44. fxg5 hxg5 45. hxg5 Nxg5 46. Kxf5 Ne6 47. Ke5 Nc5 48. b4 1/2-1/2

[Event "GER-ch (Women)"]
[Site "Bad Wiessee"]
[Date "2015.02.06"]
[Round "1"]
[White "Vidonyak, Nellya"]
[Black "Noll, Sonja"]
[Result "1-0"]
[WhiteElo "2157"]
[BlackElo "1833"]
[PlyCount "100"]
[EventDate "2015.02.06"]
[EventType "swiss"]
[EventRounds "9"]
[EventCountry "GER"]
[SourceTitle "CBM 164 Extra"]
[Source "ChessBase"]
[SourceDate "2015.03.02"]
[SourceVersion "1"]
[SourceVersionDate "2015.03.02"]
[SourceQuality "1"]

1. Nf3 d5 2. d4 g6 3. c4 c6 4. Nc3 Bg7 5. Bf4 Nf6 6. e3 Nh5 7. Bxb8 Rxb8 8. cxd5 0-0 9. Qb3 cxd5 10. Qxd5 Be6 11. Qxd8 Rfxd8 12. Be2 Nf6 13. 0-0 Nd5 14. Ng5 Bc8 15. Bc4 e6 16. Nxd5 exd5 17. Bb3 h6 18. Nf3 Be6 19. Rfc1 Rbc8 20. Ne1 Kf8 21. Nd3 Ke7 22. Rc5 b6 23. Rb5 Rd6 24. Nb4 Kd7 25. Bxd5 a5 26. Bxe6+ fxe6 27. Nd3 Rc2 28. Rc1 Rxc1+ 29. Nxc1 Kc6 30. Rb3 e5 31. Rc3+ Kd7 32. Ne2 exd4 33. exd4 Bxd4 34. Nxd4 Rxd4 35. Kf1 Rd2 36. Rb3 Kc6 37. Ke1 Rd4 38. Ke2 b5 39. Rc3+ Kd5 40. Rd3 g5 41. Ke3 Rxd3+ 42. Kxd3 g4 43. b3 b4 44. Ke3 Ke5 45. f4+ Kf5 46. g3 h5 47. Kd4 h4 48. Kd5 hxg3 49. hxg3 Kf6 50. Ke4 Kg6 1-0

[Event "Regionalliga SO 1415"]
[Site "Bayern"]
[Date "2014.11.23"]
[Round "3.5"]
[White "Vidonyak, Nellya"]
[Black "Gschwendtner, Klaus"]
[Result "1-0"]
[WhiteElo "2110"]
[BlackElo "2129"]
[PlyCount "73"]
[EventDate "2014.10.19"]
[EventType "team-tourn"]
[EventRounds "9"]
[EventCountry "GER"]
[SourceTitle "EXT 2018"]
[Source "ChessBase"]
[SourceDate "2017.10.13"]
[SourceVersion "1"]
[SourceVersionDate "2017.10.13"]
[SourceQuality "1"]
[WhiteTeam "Tegernsee"]
[BlackTeam "Starnberger See"]
[WhiteTeamCountry "GER"]
[BlackTeamCountry "GER"]

1. b3 d5 2. Bb2 Nf6 3. g3 g6 4. Bg2 Bg7 5. e3 0-0 6. Nf3 c5 7. 0-0 Nc6 8. d3 Bg4 9. h3 Bd7 10. Qe2 Qc8 11. g4 h5 12. g5 Bxh3 13. Bxh3 Qxh3 14. gxf6 exf6 15. Nh2 Rfe8 16. Qf3 Qe6 17. Nd2 Ne5 18. Qg2 f5 19. d4 Ng4 20. Ndf3 Rac8 21. c3 c4 22. bxc4 Rxc4 23. Nd2 Rcc8 24. Rae1 Bh6 25. Ndf3 Qe4 26. Nxg4 Qxg4 27. Ne5 Qe4 28. Qxe4 fxe4 29. f3 Bg7 30. fxe4 Bxe5 31. dxe5 dxe4 32. c4 Rxc4 33. Bd4 Ra4 34. Re2 Re6 35. Rb2 b6 36. Rc2 Re7 37. Rc8+ 1-0

[Event "Regionalliga SO 1415"]
[Site "Bayern"]
[Date "2014.11.09"]
[Round "2.5"]
[White "Gschwendtner, Stanislav"]
[Black "Vidonyak, Nellya"]
[Result "1/2-1/2"]
[WhiteElo "1993"]
[BlackElo "2110"]
[PlyCount "39"]
[EventDate "2014.10.19"]
[EventType "team-tourn"]
[EventRounds "9"]
[EventCountry "GER"]
[SourceTitle "EXT 2018"]
[Source "ChessBase"]
[SourceDate "2017.10.13"]
[SourceVersion "1"]
[SourceVersionDate "2017.10.13"]
[SourceQuality "1"]
[WhiteTeam "Bayerwald Regen/Zwiesel"]
[BlackTeam "Tegernsee"]
[WhiteTeamCountry "GER"]
[BlackTeamCountry "GER"]

1. c4 Nf6 2. Nc3 c5 3. Nf3 b6 4. e4 Nc6 5. d4 cxd4 6. Nxd4 Bb7 7. Nc2 g6 8. g3 Bg7 9. Bg2 d6 10. 0-0 0-0 11. Ne3 Rc8 12. Rb1 Na5 13. b3 a6 14. Bb2 e6 15. Qd3 Qc7 16. Rbc1 Qb8 17. Rfd1 Rfd8 18. Rd2 Qa8 19. Rcd1 Nc6 20. Qe2 1/2-1/2

[Event "GER-chT Federal Cup (Women)"]
[Site "Braunfels"]
[Date "2014.06.21"]
[Round "4.5"]
[White "Ley, Sabrina"]
[Black "Vidonyak, Nellya"]
[Result "0-1"]
[WhiteElo "1715"]
[BlackElo "2090"]
[PlyCount "90"]
[EventDate "2014.06.19"]
[EventType "team-swiss"]
[EventRounds "5"]
[EventCountry "GER"]
[SourceTitle "EXT 2015"]
[Source "ChessBase"]
[SourceDate "2014.11.20"]
[SourceVersion "1"]
[SourceVersionDate "2014.11.20"]
[SourceQuality "1"]
[WhiteTeam "Rheinland Pfalz (W)"]
[BlackTeam "Bayern (W)"]
[WhiteTeamCountry "GER"]
[BlackTeamCountry "GER"]

1. e4 d6 2. d4 Nf6 3. f3 Nbd7 4. c4 e5 5. d5 Be7 6. Nc3 c5 7. Be3 a6 8. Qd2 Rb8 9. Bd3 Qa5 10. a4 Bd8 11. Nge2 Qb4 12. 0-0 Ba5 13. Qc2 Qb6 14. Bd2 0-0 15. Ng3 Re8 16. Qc1 Qd8 17. Nf5 Nf8 18. Ne3 Ng6 19. Nc2 Bd7 20. Ne2 Bxd2 21. Qxd2 b6 22. b4 cxb4 23. Nxb4 Qc8 24. Rfb1 Qc5+ 25. Kh1 Ra8 26. Qc1 Nh5 27. Qc2 Rec8 28. Na2 b5 29. Rb4 a5 30. Rxb5 Bxb5 31. axb5 Nhf4 32. Nxf4 Nxf4 33. Bf1 a4 34. Nc3 a3 35. Qb3 Qe3 36. Qc2 Qc5 37. Ra2 Qb4 38. h3 h5 39. Kh2 h4 40. Kh1 Nh5 41. Kh2 Ng3 42. Bd3 Rc7 43. Kg1 Rxc4 44. Bxc4 Qxc4 45. Qc1 Qxa2 0-1

[Event "Regionalliga SO 1314"]
[Site "Bayern"]
[Date "2014.04.06"]
[Round "9.4"]
[White "Hartl, Aldo"]
[Black "Vidonyak, Nellya"]
[Result "0-1"]
[WhiteElo "2086"]
[BlackElo "2087"]
[PlyCount "158"]
[EventDate "2013.10.13"]
[EventType "team-tourn"]
[EventRounds "9"]
[EventCountry "GER"]
[SourceTitle "EXT 2015"]
[Source "ChessBase"]
[SourceDate "2014.11.20"]
[SourceVersion "1"]
[SourceVersionDate "2014.11.20"]
[SourceQuality "1"]
[WhiteTeam "Trostberg"]
[BlackTeam "Tegernsee"]
[WhiteTeamCountry "GER"]
[BlackTeamCountry "GER"]

1. e4 d6 2. d4 Nd7 3. Nc3 e5 4. Nf3 Ngf6 5. Bc4 Be7 6. 0-0 0-0 7. Re1 c6 8. a4 b6 9. h3 Bb7 10. Ba2 a6 11. d5 b5 12. dxc6 Bxc6 13. Bd5 Bxd5 14. Nxd5 Nxd5 15. exd5 Nb6 16. b3 bxa4 17. bxa4 f5 18. Be3 Nc4 19. Nd2 Nxe3 20. fxe3 e4 21. c4 Bf6 22. Rc1 Be5 23. c5 dxc5 24. Nc4 Bg3 25. Rf1 Qg5 26. d6 f4 27. exf4 Bxf4 28. Rc3 e3 29. Rf3 Rad8 30. Rd3 Rfe8 31. Qe2 Re4 32. Nxe3 c4 33. Rc3 Rxd6 34. Qf2 h6 35. g3 Be5 36. Qc2 Rf4 37. Nxc4 Rxf3 38. Rxf3 Rc6 39. Kg2 Bc7 40. Qe4 Rf6 41. Qe8+ Kh7 42. Qe4+ Qg6 43. Qxg6+ Rxg6 44. Re3 Bf4 45. Rf3 Bg5 46. Rd3 Rc6 47. Rd4 Bf6 48. Re4 Rc7 49. Kf3 Rb7 50. h4 Rb3+ 51. Kf4 Bd8 52. h5 Bc7+ 53. Ne5 Rc3 54. g4 Rc5 55. Kf5 Ra5 56. Ke6 Bxe5 57. Rxe5 Rxa4 58. g5 hxg5 59. Rxg5 Rf4 60. Ke5 Rb4 61. Rg6 a5 62. Kf5 Rb5+ 63. Kg4 Rb4+ 64. Kf3 Rb5 65. Kg4 Rb4+ 66. Kf3 Rh4 67. Rg5 Rh3+ 68. Ke2 a4 69. Ra5 a3 70. Kd1 Rh1+ 71. Kc2 a2 72. Rxa2 Rh2+ 73. Kb3 Rxa2 74. Kxa2 Kh6 75. Kb2 Kxh5 76. Kc2 Kg4 77. Kd1 Kf3 78. Ke1 Kg2 79. Ke2 g5 0-1

[Event "BL2 Sued 1314 (Women)"]
[Site "Germany"]
[Date "2014.03.09"]
[Round "7.4"]
[White "Froehlich Dill, Astrid"]
[Black "Vidonyak, Nellya"]
[Result "0-1"]
[WhiteElo "1896"]
[BlackElo "2128"]
[PlyCount "116"]
[EventDate "2013.11.30"]
[EventType "team-tourn"]
[EventRounds "7"]
[EventCountry "GER"]
[SourceTitle "EXT 2018"]
[Source "ChessBase"]
[SourceDate "2017.10.13"]
[SourceVersion "1"]
[SourceVersionDate "2017.10.13"]
[SourceQuality "1"]
[WhiteTeam "Hofheim (W)"]
[BlackTeam "Muenchen Bayern (W)"]
[WhiteTeamCountry "GER"]
[BlackTeamCountry "GER"]

1. d4 c5 2. d5 e5 3. c4 d6 4. Nf3 f5 5. Nc3 e4 6. Ng5 Be7 7. Ne6 Bxe6 8. dxe6 Nf6 9. Nd5 0-0 10. g3 Nc6 11. Be3 Re8 12. Bh3 g6 13. 0-0 Ne5 14. b3 Nfg4 15. Bf4 h5 16. f3 exf3 17. exf3 Nf6 18. Bxe5 dxe5 19. Re1 Nxd5 20. Qxd5 Qc7 21. Qd2 Bf6 22. Qd7 Re7 23. Qxc7 Rxc7 24. Rad1 Re7 25. g4 hxg4 26. fxg4 Rh7 27. Kg2 f4 28. g5 f3+ 29. Kxf3 Bxg5 30. Rxe5 Bf6 31. e7 Rxh3+ 32. Kg2 Rxh2+ 33. Kg1 Re8 34. Re6 Kf7 35. Rdd6 Bxe7 36. Kxh2 Bxd6+ 37. Rxd6 Re2+ 38. Kg3 Rxa2 39. Rd7+ Ke6 40. Rxb7 Ke5 41. Rd7 Ke4 42. Rd5 Rb2 43. Rxc5 Rxb3+ 44. Kg4 Rb6 45. Rc7 a6 46. c5 Re6 47. Rd7 Ke5 48. Kg5 Rc6 49. Rd8 a5 50. Rd7 Ra6 51. Rd3 a4 52. Kg4 a3 53. c6 a2 54. c7 a1Q 55. c8Q Qg1+ 56. Kf3 Qf1+ 57. Ke3 Qf4+ 58. Ke2 Ra2+ 0-1